[Event "Ä15Â"]
[Site "Loo"]
[Date "2017.04.26"]
[Round "7.10"]
[White "Ìèõàéëîâà, Þëèÿ."]
[Black "Áàéáóðèíà, Êàìèëëà."]
[Result "0-1"]
[WhiteElo "1733"]
[BlackElo "1825"]
[PlyCount "94"]
[EventDate "2017.04.20"]

1. d4 Nf6 2. c4 e6 3. g3 Bb4+ 4. Bd2 Qe7 5. Bg2 Bxd2+ 6. Qxd2 d5 7. Nc3 c6 8.
Nf3 Nbd7 9. O-O O-O 10. Qc2 a6 11. a4 Rb8 12. e4 dxc4 13. a5 e5 14. Qa4 exd4
15. Nxd4 Ne5 16. Nf3 Nxf3+ 17. Bxf3 Bh3 18. Rfd1 Qc5 19. Qc2 Ng4 20. Qd2 Rbd8
21. Qe1 Ne5 22. Be2 f5 23. Kh1 Rxd1 24. Rxd1 Qxa5 25. f4 Nd3 26. Bxd3 cxd3 27.
Rxd3 fxe4 28. Qxe4 Qa1+ 29. Nd1 Bg4 30. Qd4 Re8 31. Kg2 Qb1 32. Nf2 Be2 33. Rd1
Bxd1 34. Nxd1 Qe4+ 35. Qxe4 Rxe4 36. Kf3 Rb4 37. Ke3 Kf7 38. Kd3 Ke6 39. Kc3
Re4 40. Kd3 Re1 41. Ne3 b5 42. h4 c5 43. b3 Rb1 44. Kc2 Rg1 45. g4 Rg3 46. Kd2
g6 47. Ke2 Rh3 0-1

[Event "Ä15Â"]
[Site "Loo"]
[Date "2017.04.26"]
[Round "7.11"]
[White "Ïóäàëåâà, Çëàòà."]
[Black "Ïîäãîðíîâà, Àííà."]
[Result "0-1"]
[WhiteElo "1702"]
[BlackElo "1769"]
[PlyCount "78"]
[EventDate "2017.04.20"]

1. e4 c5 2. Nf3 d6 3. d4 cxd4 4. Nxd4 Nf6 5. f3 Nc6 6. c4 Nxd4 7. Qxd4 g6 8.
Nc3 Bg7 9. Be3 O-O 10. Qd2 a5 11. O-O-O a4 12. h4 h5 13. e5 Ne8 14. Bf4 a3 15.
b4 Be6 16. exd6 Nxd6 17. Bxd6 exd6 18. Ne4 Ra4 19. c5 d5 20. Bb5 Ra8 21. Nc3
Qf6 22. Kc2 Rfc8 23. Rc1 Kh7 24. Ne2 Qb2+ 25. Kd1 Qxd2+ 26. Kxd2 Bb2 27. Rc2
Bf5 28. Bd3 Bd7 29. Nf4 Ba4 30. Rxb2 axb2 31. Nxd5 Rd8 32. Nc3 Rd4 33. Re1 Rxb4
34. Re4 Rxe4 35. fxe4 Kg7 36. Nb1 Bc6 37. a3 Ra4 38. Kc3 Bxe4 39. Bxe4 Rxe4 0-1

[Event "Ä15Â"]
[Site "Loo"]
[Date "2017.04.26"]
[Round "7.12"]
[White "Ôèëèïïîâà, Ìàðãàðèòà."]
[Black "Äóáíèêîâà, Àíàñòàñèÿ."]
[Result "1/2-1/2"]
[WhiteElo "1767"]
[BlackElo "1697"]
[PlyCount "115"]
[EventDate "2017.04.20"]

1. d4 d5 2. Bf4 Nf6 3. Nf3 e6 4. e3 c5 5. c3 Nc6 6. Nbd2 Bd6 7. Bg3 O-O 8. Bd3
b6 9. Qe2 Bb7 10. Rd1 Qc7 11. dxc5 bxc5 12. e4 Bf4 13. Ng5 h6 14. Nh3 Bd6 15.
O-O Rfe8 16. Rde1 Bxg3 17. hxg3 Ne5 18. Bb5 Bc6 19. Bxc6 Nxc6 20. e5 Nd7 21. f4
Qb6 22. Rb1 Rab8 23. g4 Qb5 24. Qf3 Qa4 25. g5 hxg5 26. Nxg5 Qc2 27. Qh5 Qg6
28. Qxg6 fxg6 29. Ndf3 Nf8 30. Kf2 Nh7 31. Rh1 Nxg5 32. Nxg5 Nd8 33. Nf3 Re7
34. b3 Nf7 35. Nh4 g5 36. Ng6 Reb7 37. g3 gxf4 38. gxf4 Nh6 39. Kf3 a5 40. Rh2
a4 41. Rhb2 axb3 42. Rxb3 Rxb3 43. Rxb3 Ra8 44. Rb2 Kf7 45. Nh4 Ra3 46. Rc2 g6
47. Ke2 Nf5 48. Nf3 Ng3+ 49. Kd3 Ne4 50. Nd2 Nxd2 51. Kxd2 Ra4 52. Ke3 Re4+ 53.
Kf3 Rc4 54. Ke3 g5 55. fxg5 Kg6 56. Kd3 Kxg5 57. Rc1 Ra4 58. Rf1 1/2-1/2

[Event "Ä15Â"]
[Site "Loo"]
[Date "2017.04.26"]
[Round "7.13"]
[White "Ãèðøãîðí, Ìàðèÿ."]
[Black "Çàêóðèíà, Ìàðèÿ."]
[Result "1-0"]
[WhiteElo "1813"]
[BlackElo "1704"]
[PlyCount "97"]
[EventDate "2017.04.20"]

1. d4 d5 2. Nf3 e6 3. c4 a6 4. cxd5 exd5 5. Nc3 Nf6 6. Bg5 Be6 7. e3 Bd6 8. Bd3
Nbd7 9. O-O O-O 10. e4 dxe4 11. Bxe4 Rb8 12. h3 Be7 13. d5 Nxe4 14. Nxe4 Bf5
15. Bxe7 Qxe7 16. Ng3 Bg6 17. Re1 Qd6 18. Qb3 Nb6 19. Rad1 Rfd8 20. Nh4 Qf6 21.
Nxg6 hxg6 22. Ne4 Qe5 23. d6 Na8 24. Nc3 Qc5 25. Re7 Rf8 26. Ne4 Qa5 27. Rd5
Qb6 28. dxc7 Nxc7 29. Qxb6 Nxd5 30. Qc5 Nxe7 31. Qxe7 Rfe8 32. Qc7 Rec8 33. Qd7
Rd8 34. Qc7 Rdc8 35. Qf4 Rf8 36. Nd6 f6 37. Qc4+ Kh7 38. Qh4+ Kg8 39. Qg4 Kh7
40. Qd7 Rfd8 41. Qc7 b5 42. h4 Ra8 43. g3 Rab8 44. Kg2 Ra8 45. b3 Rab8 46. g4
Ra8 47. h5 gxh5 48. Nf5 Rg8 49. Qf7 1-0

[Event "Ä15Â"]
[Site "Loo"]
[Date "2017.04.26"]
[Round "7.14"]
[White "Ãóòêîâè÷, Ïîëèíà."]
[Black "Àëèâåðäèåâà, Ýëèíà."]
[Result "1-0"]
[WhiteElo "1952"]
[BlackElo "1674"]
[PlyCount "99"]
[EventDate "2017.04.20"]

1. e4 c6 2. Nc3 d5 3. Nf3 Nf6 4. e5 Ne4 5. d3 Nxc3 6. bxc3 e6 7. d4 Qa5 8. Bd2
Nd7 9. Ng5 Be7 10. Qh5 Bxg5 11. Qxg5 O-O 12. Bd3 f5 13. g4 Qc7 14. Rg1 Nb6 15.
Bf4 Qf7 16. O-O-O Na4 17. Rde1 Re8 18. Rg3 Qe7 19. Qh5 Qf7 20. Qh3 Nxc3 21.
gxf5 exf5 22. Reg1 g6 23. Qh6 Re6 24. Bg5 Qf8 25. Qh4 Qa3+ 26. Kd2 Qb4 27. Ke3
Qf8 28. Rh3 Qf7 29. Bxf5 Rxe5+ 30. dxe5 Bxf5 31. Rf3 Ne4 32. Bf6 d4+ 33. Kf4
Nxf6 34. exf6 Re8 35. Kg3 Re4 36. Rf4 Rxf4 37. Kxf4 Bxc2 38. Qg5 d3 39. Kg3
Qc7+ 40. Kg2 Qd7 41. Qd2 Qg4+ 42. Kf1 Qh3+ 43. Rg2 Qf3 44. Qe1 Qxf6 45. Rg3 Qd8
46. Qe6+ Kg7 47. Rf3 d2 48. Rf7+ Kh6 49. Qh3+ Kg5 50. f4# 1-0

[Event "Ä15Â"]
[Site "Loo"]
[Date "2017.04.26"]
[Round "7.15"]
[White "Áóðíÿøåâà, Åëåíà."]
[Black "Ñîñíèíà, Åêàòåðèíà."]
[Result "1/2-1/2"]
[WhiteElo "1721"]
[BlackElo "1812"]
[PlyCount "86"]
[EventDate "2017.04.20"]

1. e4 d5 2. exd5 Nf6 3. Bb5+ Nbd7 4. c4 e6 5. dxe6 fxe6 6. d4 c6 7. Ba4 e5 8.
Ne2 Bb4+ 9. Nbc3 Nb6 10. dxe5 Ne4 11. Qxd8+ Kxd8 12. Bb3 a5 13. Be3 Nc5 14. O-O
Kc7 15. Bxc5 Bxc5 16. Ne4 Be7 17. a3 Bf5 18. N2g3 Be6 19. Rac1 Rad8 20. Nd6 Nd7
21. Ndf5 Nc5 22. Nxg7 Bf7 23. Bc2 Bxc4 24. Rfe1 Bg5 25. Rcd1 Bd2 26. Ne4 Bxe1
27. Rxe1 Nxe4 28. Bxe4 Rhg8 29. Nf5 Rd2 30. Ne3 Bd3 31. Bxd3 Rxd3 32. f4 Re8
33. Kf2 Rd2+ 34. Re2 Rxe2+ 35. Kxe2 h5 36. Kf3 Kd7 37. Ke4 b5 38. h3 h4 39. Nf5
Rh8 40. Ne3 Re8 41. f5 Rg8 42. Ng4 Ke7 43. f6+ Ke6 1/2-1/2

[Event "Ä15Â"]
[Site "Loo"]
[Date "2017.04.26"]
[Round "7.16"]
[White "Äàâûäîâà, Êèðà."]
[Black "Öâåòêîâà, Âëàäèñëàâà."]
[Result "1/2-1/2"]
[WhiteElo "1769"]
[BlackElo "1615"]
[PlyCount "111"]
[EventDate "2017.04.20"]

1. d4 Nf6 2. Nf3 e6 3. e3 b6 4. Bd3 Bb7 5. O-O Be7 6. c4 O-O 7. Nc3 d5 8. Ne5
Nbd7 9. f4 dxc4 10. Bxc4 h5 11. Qe1 Nxe5 12. dxe5 Ne4 13. Qe2 g6 14. Qc2 Nxc3
15. bxc3 Bc5 16. Bxe6 Kg7 17. Bc4 Qh4 18. Qf2 Qxf2+ 19. Kxf2 Rad8 20. g3 Be4
21. Re1 Rd7 22. a4 Rfd8 23. Ba3 Bxa3 24. Rxa3 Rd2+ 25. Re2 Rd1 26. Re1 R1d2+
27. Be2 Rc2 28. Kf1 Rdd2 29. c4 Kf8 30. h3 Bf5 31. g4 hxg4 32. hxg4 Bxg4 33.
Bxg4 Rf2+ 34. Kg1 Rg2+ 35. Kh1 Rxg4 36. Raa1 Rxc4 37. Rec1 Rxc1+ 38. Rxc1 c5
39. Kh2 Rh4+ 40. Kg3 Rh8 41. e4 Ke7 42. f5 gxf5 43. exf5 Rd8 44. a5 Rd5 45.
axb6 axb6 46. Kf4 b5 47. Ra1 c4 48. Ke4 Rd3 49. Rb1 Rb3 50. Rxb3 cxb3 51. Kd3
Kd7 52. Kc3 Kc6 53. Kxb3 Kd5 54. e6 fxe6 55. fxe6 Kxe6 56. Kb4 1/2-1/2

[Event "Ä15Â"]
[Site "Loo"]
[Date "2017.04.26"]
[Round "7.17"]
[White "Òîëêà÷åâà, Àííà."]
[Black "Êàðåëèíà, Âèêòîðèÿ."]
[Result "1-0"]
[WhiteElo "1656"]
[BlackElo "1826"]
[PlyCount "83"]
[EventDate "2017.04.20"]

1. e4 Nf6 2. Nc3 d5 3. exd5 Nxd5 4. Nxd5 Qxd5 5. Nf3 Bg4 6. Be2 c5 7. O-O g6 8.
h3 Bd7 9. d4 cxd4 10. Nxd4 Nc6 11. Nb3 Qe5 12. Re1 Qc7 13. Bf3 O-O-O 14. Qe2
Bg7 15. c3 e5 16. Nc5 f5 17. Bg5 Rde8 18. Rad1 Be6 19. Qb5 e4 20. Be2 a6 21.
Qa4 Qa5 22. Qxa5 Nxa5 23. Rd6 Bc4 24. Rd7 Bf8 25. Bxc4 Nxc4 26. Bf4 Ne5 27. Rd5
Bg7 28. Red1 h6 29. Nd7 Nxd7 30. Rxd7 Be5 31. Bxe5 Rxe5 32. Rg7 Re6 33. Rdd7
Rb6 34. b4 Re8 35. Rdf7 Kb8 36. a4 Rc8 37. a5 Rb5 38. Rxg6 Rxc3 39. Rxh6 Rc1+
40. Kh2 Rc2 41. Rh8+ Ka7 42. Rff8 1-0

[Event "Ä15Â"]
[Site "Loo"]
[Date "2017.04.26"]
[Round "7.18"]
[White "Ñóðêîâà, Ñîôüÿ."]
[Black "Ïèêàëîâà, Ñîôüÿ."]
[Result "0-1"]
[WhiteElo "1618"]
[BlackElo "1800"]
[PlyCount "64"]
[EventDate "2017.04.20"]

1. b3 d5 2. Bb2 Bg4 3. h3 Bh5 4. g4 Bg6 5. Bg2 e6 6. Nf3 Nd7 7. c4 c6 8. d3 h6
9. Nfd2 Ngf6 10. e4 Nc5 11. Qc2 dxc4 12. dxc4 Qd3 13. Na3 Qxc2 14. Nxc2 Nd3+
15. Ke2 Nf4+ 16. Kf1 O-O-O 17. Bd4 c5 18. Be3 Nxg2 19. Kxg2 Nxe4 20. Nf3 Nxf2
21. Kxf2 Bxc2 22. Ne5 Bd6 23. Nf3 Rhf8 24. Rac1 Be4 25. Rhd1 f5 26. Rxd6 Rxd6
27. Bxc5 fxg4 28. Bxd6 Rxf3+ 29. Ke2 Bd3+ 30. Kd2 gxh3 31. Re1 Bf5 32. Re5 Rd3+
0-1

[Event "Ä15Â"]
[Site "Loo"]
[Date "2017.04.26"]
[Round "7.19"]
[White "Óñêîâà, Òàèñèÿ."]
[Black "Òåðåøå÷êèíà, Òàèñèÿ."]
[Result "0-1"]
[WhiteElo "1798"]
[BlackElo "1711"]
[PlyCount "50"]
[EventDate "2017.04.20"]

1. e4 d6 2. d4 Nf6 3. Nc3 Nbd7 4. Nf3 e5 5. dxe5 dxe5 6. a3 Bc5 7. Bc4 O-O 8.
O-O c6 9. b4 Be7 10. Bb2 Qc7 11. Bb3 h6 12. Qe2 a6 13. Rad1 b5 14. h3 a5 15.
bxa5 Rxa5 16. Ra1 Ba6 17. Qd1 b4 18. Ne2 Nxe4 19. axb4 Rxa1 20. Bxa1 Bxb4 21.
c3 Bc5 22. Qc2 Bxe2 23. Qxe2 Ng3 24. Qd3 e4 25. Qd2 Nxf1 0-1

[Event "Ä15Â"]
[Site "Loo"]
[Date "2017.04.26"]
[Round "7.20"]
[White "Òèòèåâñêàÿ, Åëèçàâåòà."]
[Black "Ýôåíäèåâà, Àëèíà."]
[Result "0-1"]
[WhiteElo "1762"]
[BlackElo "1661"]
[PlyCount "88"]
[EventDate "2017.04.20"]

1. e4 e5 2. Nf3 Nc6 3. Bb5 f5 4. d4 fxe4 5. Nxe5 Nxe5 6. dxe5 c6 7. Nc3 cxb5 8.
Nxe4 d5 9. exd6 Nf6 10. Bg5 Bf5 11. Bxf6 gxf6 12. d7+ Kf7 13. Qd5+ Be6 14. Qh5+
Kg7 15. O-O-O Be7 16. Rd3 Rg8 17. Rg3+ Kh8 18. Rd1 b4 19. Rd4 Qb6 20. Rdd3 Qc6
21. Rd4 Bxd7 22. Nd6 Rg5 23. Nf7+ Kg7 24. Rxg5+ fxg5 25. Ne5 Qf6 26. Rxd7 Qxe5
27. h4 Qe1+ 28. Rd1 Qxf2 29. hxg5 Qf4+ 30. Kb1 Qxg5 31. Qf3 Rd8 32. Rxd8 Bxd8
33. Qxb7+ Qe7 34. Qxe7+ Bxe7 35. c4 bxc3 36. bxc3 Kf6 37. Kc2 Ke5 38. Kd3 Kf4
39. Kd4 Kg3 40. Kd5 Kxg2 41. c4 h5 42. c5 Bxc5 43. Kxc5 h4 44. a4 h3 0-1

[Event "Ä15Â"]
[Site "Loo"]
[Date "2017.04.26"]
[Round "7.21"]
[White "Áàèøåâà, Íüóðãóéààíà."]
[Black "Ñû÷, Àëèíà."]
[Result "1-0"]
[WhiteElo "1728"]
[BlackElo "1478"]
[PlyCount "108"]
[EventDate "2017.04.20"]

1. e4 c5 2. Nf3 d6 3. d4 cxd4 4. Nxd4 Nf6 5. Nc3 Nc6 6. Bg5 e6 7. Qd2 Be7 8.
O-O-O a6 9. f4 Bd7 10. f5 Nxd4 11. Qxd4 exf5 12. Bxf6 Bxf6 13. Qxd6 Be6 14. Qb4
Qe7 15. Qa4+ Bd7 16. Rxd7 Qxd7 17. Bb5 axb5 18. Qxa8+ Bd8 19. Rd1 Qe7 20. Nd5
Qg5+ 21. Kb1 O-O 22. Qxb7 fxe4 23. Qxb5 Qxg2 24. a4 Qxh2 25. a5 Bg5 26. a6 Qb8
27. Qa4 Qa7 28. b4 e3 29. b5 e2 30. Rh1 Qf2 31. Qe4 h6 32. Nc3 e1=Q+ 33. Rxe1
Bd2 34. Re2 Qf1+ 35. Kb2 Qc1+ 36. Kb3 Bxc3 37. Kxc3 Rc8+ 38. Kb3 Qb1+ 39. Ka4
Qa2+ 40. Kb4 Qb2+ 41. Ka5 Qc3+ 42. Qb4 Qa1+ 43. Kb6 Qf6+ 44. Kb7 Qd8 45. Qe7
Rb8+ 46. Kc6 Qb6+ 47. Kd5 Qxb5+ 48. Kd4 Qxa6 49. c4 Qb6+ 50. c5 Rd8+ 51. Ke5
Qb5 52. Kf4 Rd4+ 53. Re4 Rxe4+ 54. Kxe4 Qb1+ {äàëåå çàïèñü íåðàçáîð~~èâà} 1-0

[Event "Ä15Â"]
[Site "Loo"]
[Date "2017.04.26"]
[Round "7.22"]
[White "Åðøîâà, Ñîôüÿ."]
[Black "Ñâåòëîâà, Êñåíèÿ."]
[Result "0-1"]
[WhiteElo "1727"]
[BlackElo "1676"]
[PlyCount "86"]
[EventDate "2017.04.20"]

1. e4 c5 2. Nf3 d6 3. d4 cxd4 4. Nxd4 Nf6 5. Nc3 g6 6. Be3 Bg7 7. f3 O-O 8. Qd2
Nc6 9. g4 Qa5 10. O-O-O Nxd4 11. Bxd4 Be6 12. h4 Bxa2 13. Nxa2 Qxa2 14. Qe3
Rac8 15. Bd3 Qa4 16. Bc3 b5 17. Qd4 Qxd4 18. Bxd4 b4 19. Ba6 Rc7 20. e5 dxe5
21. Bxe5 Rc5 22. Bb7 Re8 23. Bd4 Rc7 24. Bxf6 Bxf6 25. Bd5 e6 26. Bb3 Be5 27.
h5 h6 28. hxg6 fxg6 29. Rhe1 Bf4+ 30. Kb1 a5 31. Rxe6 Rxe6 32. Bxe6+ Kg7 33.
Rd4 Re7 34. Rxf4 Rxe6 35. Kc1 Rf6 36. Rxf6 Kxf6 37. b3 h5 38. gxh5 gxh5 39. Kd2
h4 40. Ke3 Kf5 41. Kf2 Kf4 42. Kg2 h3+ 43. Kxh3 Kxf3 0-1

[Event "Ä15Â"]
[Site "Loo"]
[Date "2017.04.26"]
[Round "7.23"]
[White "Òóðêî, Àíàñòàñèÿ."]
[Black "Êîíîâà, Ïîëèíà."]
[Result "0-1"]
[WhiteElo "1719"]
[BlackElo "1592"]
[PlyCount "88"]
[EventDate "2017.04.20"]

1. Nf3 d5 2. g3 c6 3. Bg2 Nf6 4. d3 h6 5. O-O Bf5 6. Nbd2 e6 7. e3 Be7 8. Qe2
O-O 9. e4 Bh7 10. b3 c5 11. Bb2 Nc6 12. e5 Nd7 13. Ne1 Re8 14. f4 f6 15. exf6
Bxf6 16. Bxf6 Qxf6 17. Nef3 Qb2 18. Rfc1 Nb4 19. Nf1 Bxd3 20. Qd2 Bxf1 21. Bxf1
Nxa2 22. Rcb1 Qc3 23. Rxa2 Qxf3 24. Bg2 Qg4 25. Qd3 Nf6 26. Qb5 b6 27. Rba1 Qf5
28. Re1 e5 29. fxe5 Rxe5 30. Rf1 Qd7 31. Qxd7 Nxd7 32. c4 Nf6 33. Rd1 Rae8 34.
cxd5 Re1+ 35. Rxe1 Rxe1+ 36. Kf2 Rd1 37. Rxa7 Nxd5 38. Rd7 Nc3 39. Rxd1 Nxd1+
40. Ke2 Nc3+ 41. Kd3 Nb5 42. Kc4 Nc7 43. Kd3 Kf7 44. Ke4 Ke7 {
äàëåå çàïèñü íåðàçáîð~~èâà} 0-1

[Event "Ä15Â"]
[Site "Loo"]
[Date "2017.04.26"]
[Round "7.24"]
[White "Ùåäðîâà, Òàòüÿíà."]
[Black "Àëôåðîâà, Ïîëèíà."]
[Result "1/2-1/2"]
[WhiteElo "1547"]
[BlackElo "1712"]
[PlyCount "109"]
[EventDate "2017.04.20"]

1. e4 c6 2. d4 d5 3. exd5 cxd5 4. Bd3 Nc6 5. c3 g6 6. Bf4 Nh6 7. Nf3 Bg7 8. O-O
O-O 9. Nbd2 Nf5 10. Re1 Re8 11. Rc1 f6 12. Bb5 g5 13. Bg3 Nxg3 14. hxg3 e5 15.
dxe5 fxe5 16. Nb3 a6 17. Bxc6 bxc6 18. Nc5 Bg4 19. Qd2 h6 20. b4 Qf6 21. Nh2
Bh5 22. g4 Bg6 23. Nf3 a5 24. a3 axb4 25. axb4 Qd8 26. Ra1 Qc7 27. Rxa8 Rxa8
28. Ne6 Qd6 29. Nxg7 Kxg7 30. Nxe5 Re8 31. Nf3 Qd7 32. Qd4+ Kh7 33. Ra1 Re7 34.
Ne5 Qc7 35. Nxg6 Kxg6 36. Qd3+ Kg7 37. Qd4+ Kh7 38. Qd3+ Kg7 39. Rc1 Qf4 40.
Qd4+ Qxd4 41. cxd4 Re4 42. Rd1 Rxg4 43. f3 Rf4 44. Rd3 Kf7 45. Rc3 Rxd4 46.
Rxc6 Rxb4 47. Ra6 d4 48. Rd6 Ke7 49. Rd5 Kf6 50. Kf2 Rb2+ 51. Kf1 Rd2 52. Ke1
Rxg2 53. Rxd4 Ke5 54. Rd2 Rxd2 55. Kxd2 1/2-1/2

[Event "Ä15Â"]
[Site "Loo"]
[Date "2017.04.26"]
[Round "7.25"]
[White "Ðûáàêîâà, Àíàñòàñèÿ."]
[Black "Àðòþõîâà, Åëèçàâåòà."]
[Result "1-0"]
[WhiteElo "1812"]
[BlackElo "1688"]
[PlyCount "71"]
[EventDate "2017.04.20"]

1. d4 c6 2. Nf3 d6 3. e3 a6 4. Bd3 b5 5. Nbd2 Nf6 6. b3 g6 7. Bb2 Bg7 8. O-O
O-O 9. c4 Bb7 10. Qe2 Nbd7 11. e4 e6 12. e5 dxe5 13. dxe5 Nh5 14. g3 Nc5 15.
Bc2 b4 16. Rad1 Qe7 17. Rfe1 Rad8 18. Qe3 Bh8 19. Ne4 Nxe4 20. Bxe4 c5 21. Bxb7
Qxb7 22. Nd2 Ng7 23. g4 Qe7 24. Ne4 Ne8 25. Rxd8 Qxd8 26. Qxc5 Qh4 27. Qxb4
Qxg4+ 28. Ng3 h5 29. Ba3 Bg7 30. Re4 Qg5 31. h4 Qd8 32. Qc3 f5 33. Rd4 Qb6 34.
Bxf8 Bxe5 35. c5 Qc6 36. Bh6 1-0

[Event "Ä15Â"]
[Site "Loo"]
[Date "2017.04.26"]
[Round "7.26"]
[White "Åðîõîâà, Âèîëåòòà."]
[Black "Ãàðàôóòäèíîâà, Äèàíà."]
[Result "1-0"]
[WhiteElo "1746"]
[BlackElo "1654"]
[PlyCount "70"]
[EventDate "2017.04.20"]

1. d4 Nf6 2. Nc3 g6 3. e4 d6 4. f3 Bg7 5. Be3 Nc6 6. Qd2 Bd7 7. O-O-O a6 8. Bh6
O-O 9. Bxg7 Kxg7 10. g4 b5 11. h4 h5 12. g5 Ng8 13. Nge2 b4 14. Nd5 a5 15. Ne3
e6 16. Bg2 Nge7 17. Ng3 e5 18. dxe5 Nxe5 19. f4 Ng4 20. f5 Nxe3 21. f6+ Kh7 22.
fxe7 Qxe7 23. Qxe3 Bc6 24. Rhe1 Qe6 25. Qb3 Qg4 26. Rf1 Kg7 27. Qe3 Qe6 28. Kb1
Bb5 29. Bh3 Qe7 30. Qd4+ Kh7 31. Rf6 Rad8 32. b3 c5 33. Qd5 a4 34. Rxd6 Rc8 35.
Bxc8 Rxc8 1-0

[Event "Ä15Â"]
[Site "Loo"]
[Date "2017.04.26"]
[Round "7.27"]
[White "Ñòàðîñòèíà, Àëåêñàíäðà."]
[Black "Áàíäóðèíà, Ñîôèÿ."]
[Result "1/2-1/2"]
[WhiteElo "1603"]
[BlackElo "1717"]
[PlyCount "62"]
[EventDate "2017.04.20"]

1. e4 c5 2. Nf3 e6 3. c3 d5 4. exd5 exd5 5. d4 Nf6 6. Be2 Bd6 7. O-O O-O 8. Bg5
Be6 9. Ne5 h6 10. Bh4 cxd4 11. Qxd4 Nc6 12. Nxc6 bxc6 13. Nd2 c5 14. Qd3 Qb8
15. Bxf6 gxf6 16. Bf3 Bxh2+ 17. Kh1 Bf4 18. Qc2 Qe5 19. g3 Bxd2 20. Qxd2 Qg5
21. Qd3 Rab8 22. Qa6 Rxb2 23. Qxa7 Bh3 24. Bg2 Bxg2+ 25. Kxg2 d4 26. cxd4 Qd5+
27. Kg1 cxd4 28. Rfd1 Ra8 29. Qxd4 Qxd4 30. Rxd4 Rbxa2 31. Rxa2 Rxa2 1/2-1/2

[Event "Ä15Â"]
[Site "Loo"]
[Date "2017.04.26"]
[Round "7.28"]
[White "Êðèêóíîâà, Îëåñÿ."]
[Black "Çåëåíñêàÿ, Àíàñòàñèÿ."]
[Result "1-0"]
[WhiteElo "1847"]
[BlackElo "1738"]
[PlyCount "139"]
[EventDate "2017.04.20"]

1. d4 d5 2. c4 c6 3. Nf3 Nf6 4. Nc3 e6 5. cxd5 exd5 6. Bg5 Be7 7. Qc2 Nbd7 8.
e3 O-O 9. Bd3 Re8 10. O-O h6 11. Bf4 Nh5 12. Nxd5 Nxf4 13. Nxf4 Nf6 14. Rac1
Bg4 15. Ne5 Bd6 16. h3 Bc8 17. Rfd1 Qc7 18. Nxf7 Bxf4 19. exf4 Kxf7 20. Bg6+
Kg8 21. Bxe8 Nxe8 22. Re1 Nf6 23. Qc4+ Kh8 24. Re5 Bd7 25. Qf7 Qd6 26. Rd1 Rf8
27. Qb3 Nd5 28. Qg3 Nxf4 29. Re4 Be6 30. Rde1 Rf6 31. Rxe6 Rxe6 32. Rxe6 Qxe6
33. Qxf4 Qe8 34. Qe3 Qf7 35. a3 Qf5 36. Qb3 Qd7 37. Qc3 Qe7 38. Kf1 Qe4 39. f3
Qb1+ 40. Kf2 Qd1 41. Qe3 a6 42. Kg3 Qc2 43. Qe8+ Kh7 44. Qe4+ Qxe4 45. fxe4 Kg6
46. Kf3 Kf6 47. Ke3 Ke6 48. h4 g6 49. Kf4 Kf6 50. g3 Ke6 51. g4 a5 52. b3 b6
53. b4 axb4 54. axb4 Kf6 55. b5 cxb5 56. e5+ Ke6 57. Ke4 h5 58. g5 b4 59. d5+
Kd7 60. Kd3 b5 61. Kc2 Kc7 62. Kb3 Kb7 63. Kxb4 Kb6 64. e6 Kc7 65. Kxb5 Kd6 66.
Kb6 Ke7 67. Kc7 Ke8 68. d6 Kf8 69. d7 Kg7 70. d8=Q 1-0

[Event "Ä15Â"]
[Site "Loo"]
[Date "2017.04.26"]
[Round "7.29"]
[White "Àáäóëêåðèìîâà, Ìàäèíà."]
[Black "Óñà÷åâà, Ãëàôèðà."]
[Result "0-1"]
[WhiteElo "1400"]
[BlackElo "1705"]
[PlyCount "43"]
[EventDate "2017.04.20"]

1. e4 c5 2. Nf3 d6 3. c3 Nf6 4. Bc4 e6 5. d3 Be7 6. Bg5 O-O 7. Nbd2 Nc6 8. O-O
a6 9. a4 b6 10. Bb3 Bb7 11. Nh4 h6 12. Be3 Nxe4 13. Nxe4 Bxh4 14. Qg4 Ne5 15.
Qh5 Be7 16. Rad1 c4 17. f4 Nxd3 18. Bxc4 Nxb2 19. Rd4 Bxe4 20. Rxe4 a5 21. Bd5
exd5 22. Rd4 {äàëåå çàïèñü íåðàçáîð~~èâà} 0-1

[Event "Ä15Â"]
[Site "Loo"]
[Date "2017.04.26"]
[Round "7.30"]
[White "Ãðóáîâà, Ñîôèÿ."]
[Black "Êîêàåâà, Àíàñòàñèÿ."]
[Result "1/2-1/2"]
[WhiteElo "1650"]
[BlackElo "1424"]
[PlyCount "121"]
[EventDate "2017.04.20"]

1. e4 c6 2. d4 d5 3. exd5 cxd5 4. c4 e6 5. Nc3 Nf6 6. Nf3 Nc6 7. cxd5 Nxd5 8.
Be2 Bb4 9. Qc2 O-O 10. O-O Be7 11. a3 Bf6 12. Rd1 Nce7 13. Bd3 h6 14. Bd2 b6
15. Nxd5 Nxd5 16. Qc1 Be7 17. Bxh6 gxh6 18. Qxh6 f5 19. Qg6+ Kh8 20. Ne5 Rf6
21. Nf7+ Rxf7 22. Qxf7 Qg8 23. Qxg8+ Kxg8 24. f3 Kf7 25. Kf2 Bb7 26. Rac1 Bg5
27. Rc2 Be3+ 28. Ke1 Rh8 29. g3 Kf6 30. Bf1 Bh6 31. Rd3 Ba6 32. Rdc3 Nxc3 33.
bxc3 Bxf1 34. Kxf1 Bf8 35. a4 Bd6 36. Kg2 Rc8 37. h4 Rc4 38. g4 Rc8 39. c4 fxg4
40. fxg4 Rc7 41. Kf3 Kg6 42. Rc3 Rc6 43. Kg2 Be7 44. Kh3 Bf6 45. g5 Bxd4 46.
Rc2 Be3 47. Kg4 Bxg5 48. hxg5 Rc5 49. Kf4 Rxg5 50. Ke4 Rc5 51. Rc1 Kf6 52. Kd4
Ke7 53. Rc3 Kd6 54. Ke4 Kc6 55. Kd4 Ra5 56. Ra3 Kb7 57. Re3 Rxa4 58. Rxe6 b5
59. Kc5 Rxc4+ 60. Kxb5 Rc7 61. Rh6 1/2-1/2

[Event "Ä17Ï"]
[Site "Loo"]
[Date "2017.04.26"]
[Round "7.1"]
[White "Òàòàðèíîâà, Åëåíà."]
[Black "Áó÷èíà, Ïîëèíà."]
[Result "0-1"]
[WhiteElo "1840"]
[BlackElo "1787"]
[PlyCount "98"]
[EventDate "2017.04.20"]

1. c4 e6 2. Nf3 d5 3. g3 Nf6 4. Bg2 Be7 5. O-O O-O 6. d3 c5 7. cxd5 exd5 8.
Nbd2 Nc6 9. b3 d4 10. Nc4 Nd5 11. Bb2 Rb8 12. a3 a5 13. a4 Re8 14. Na3 Bf6 15.
Rc1 b6 16. Nd2 Be7 17. Re1 Ncb4 18. Nc2 Na2 19. Bxd5 Qxd5 20. Ra1 Nb4 21. Nxb4
axb4 22. e4 dxe3 23. Rxe3 Bb7 24. Qf3 Qd7 25. Qh5 Bf8 26. Rae1 Rxe3 27. Rxe3
Re8 28. Rxe8 Qxe8 29. Qe5 Qc6 30. Qe4 Qd7 31. Qe2 Bd5 32. Nc4 Qc6 33. Nd2 Be6
34. Qe4 Qd7 35. Nc4 b5 36. Ne5 Qe8 37. a5 Bxb3 38. a6 Qe6 39. Nc6 Bd5 40. Qxe6
fxe6 41. Ne5 c4 42. Bd4 Bd6 43. Nd7 c3 44. Nb6 c2 45. Bb2 Be5 46. Bc1 Bd4 47.
Nd7 b3 48. Be3 Bxe3 49. fxe3 c1=Q+ 0-1

[Event "Ä17Ï"]
[Site "Loo"]
[Date "2017.04.26"]
[Round "7.2"]
[White "Ñàì÷åíêî, Ñåðàôèìà."]
[Black "Êðàïèâèíà, Ãàëèíà."]
[Result "0-1"]
[WhiteElo "1734"]
[BlackElo "1744"]
[PlyCount "60"]
[EventDate "2017.04.20"]

1. d4 f5 2. e4 fxe4 3. Nc3 Nf6 4. Bg5 Nc6 5. d5 Ne5 6. Bxf6 exf6 7. Nxe4 d6 8.
Qe2 Be7 9. O-O-O O-O 10. f3 f5 11. Nd2 Bf6 12. Qf2 a6 13. h4 b5 14. h5 Bb7 15.
Nb3 Rb8 16. Na5 c5 17. dxc6 Qxa5 18. cxb7 Qxa2 19. Qd4 Nc4 20. Bxc4+ bxc4 21.
Qd5+ Kh8 22. c3 Bg5+ 23. Rd2 Bxd2+ 24. Qxd2 Qa1+ 25. Kc2 Rxb7 26. Qc1 Qa4+ 27.
Kd2 Qa2 28. h6 Rxb2+ 29. Ke3 f4+ 30. Ke4 Rb1 0-1

[Event "Ä17Ï"]
[Site "Loo"]
[Date "2017.04.26"]
[Round "7.3"]
[White "Äàíèëîâà, Ðàäà."]
[Black "Êîâàë¸âà, Åêàòåðèíà."]
[Result "1-0"]
[WhiteElo "1828"]
[BlackElo "1974"]
[PlyCount "103"]
[EventDate "2017.04.20"]

1. d4 d5 2. c4 e6 3. g3 Nf6 4. Bg2 c6 5. Nf3 Be7 6. O-O O-O 7. Qc2 b6 8. Nbd2
Bb7 9. e4 Na6 10. b3 Rc8 11. Bb2 c5 12. exd5 exd5 13. Qf5 dxc4 14. Nxc4 Be4 15.
Qh3 Nb4 16. Rad1 Nd3 17. Ba3 Qc7 18. Nh4 Nb4 19. Nf5 Bxf5 20. Qxf5 Nxa2 21. d5
Qd7 22. Qf3 Ne8 23. Ra1 Nb4 24. Bxb4 cxb4 25. Ne5 Qd6 26. Bh3 Rc3 27. Qe2 a5
28. Nd7 Nf6 29. Nxf8 Bxf8 30. Rab1 Nxd5 31. Rfd1 Qc5 32. Be6 Rc2 33. Bxf7+ Kh8
34. Qf3 Nc3 35. Bc4 Nxd1 36. Rxd1 Qe7 37. Qd5 Rxc4 38. Qxc4 g6 39. Qd4+ Bg7 40.
Qxb6 Bf6 41. Qxa5 Qe4 42. Qd5 Qe8 43. Qd6 Be7 44. Qd4+ Kg8 45. Re1 Kf7 46. Qf4+
Kg8 47. Qxb4 Bxb4 48. Rxe8+ Kf7 49. Rb8 Bd6 50. Rb7+ Be7 51. f4 Ke6 52. Kg2 1-0

[Event "Ä17Ï"]
[Site "Loo"]
[Date "2017.04.26"]
[Round "7.4"]
[White "Ôîíÿê, Ìàðèíà."]
[Black "Ïåòðîâà, Ìàðèÿ."]
[Result "0-1"]
[WhiteElo "1780"]
[BlackElo "1835"]
[PlyCount "112"]
[EventDate "2017.04.20"]

1. e4 c5 2. Nf3 Nc6 3. d4 cxd4 4. Nxd4 g6 5. Nc3 Bg7 6. Be3 Nf6 7. Bc4 d6 8. f3
Bd7 9. g4 Qc8 10. Bb3 Ne5 11. Qd2 b5 12. O-O-O a6 13. Bh6 Bxh6 14. Qxh6 Nc4 15.
Bxc4 Qxc4 16. Nb3 a5 17. Qe3 b4 18. Nd5 Nxd5 19. Rxd5 Rc8 20. Qd3 Qxd3 21. Rxd3
a4 22. Nd4 h5 23. g5 Rc5 24. h4 e5 25. Ne2 Bb5 26. Rd2 Ke7 27. Rhd1 Rd8 28. Ng1
Bc4 29. Kb1 Be6 30. Ne2 d5 31. f4 Bg4 32. fxe5 d4 33. Re1 Bxe2 34. Rexe2 Rxe5
35. c3 bxc3 36. bxc3 dxc3 37. Rxd8 Kxd8 38. Kc2 Rc5 39. Re3 Rc4 40. Re1 Ke7 41.
Kd3 Rc6 42. Rc1 f6 43. gxf6+ Kxf6 44. Kd4 c2 45. Ke3 g5 46. hxg5+ Kxg5 47. Kf3
Rc3+ 48. Kg2 Kf4 49. Kf2 Kxe4 50. Ke2 h4 51. Kd2 Kd4 52. Ke2 h3 53. Kd2 h2 54.
a3 Rd3+ 55. Ke2 Kc3 56. Rh1 Rd1 0-1